000 00676nam a2200133Ia 4500
008 171212s9999 xx 000 0 und d
020 _a9780833041845
100 _aZakaras, Laura;Lowell, Julia F.
245 _cZakaras, Laura;Lowell, Julia F.
_aCultivating Demand for the Arts
_bArts Learning, Arts Engagement, and State Arts Policy
260 _bRAND Corporation
_c2008
650 _aArts -- Economic aspects -- United States; Consumption (Economics) -- United States; U.S. states -- Cultural policy; Arts -- Study and teaching -- United States; Art appreciation -- Study and teaching -- United States
650 _aEducation
856 _uwww.jstor.org/stable/10.7249/mg640wf
999 _c351915
_d351915